El trabajador (Record no. 183221)

MARC details
000 -LEADER
campo de control de longitud fija 00771nam a2200241 i 4500
001 - NÚMERO DE CONTROL
campo de control 183221
003 - IDENTIFICADOR DE NÚMERO DE CONTROL
campo de control ES-MaACL
005 - FECHA Y HORA DE LA ÚLTIMA TRANSACCIÓN
campo de control 20260616174605.0
008 - DATOS DE LONGITUD FIJA--INFORMACIÓN GENERAL
campo de control de longitud fija 140130s1990 sp | |||| ||spa d
020 ## - NÚMERO INTERNACIONAL ESTÁNDAR DEL LIBRO
Número Internacional Estándar del Libro 84-7223-162-3
080 ## - NÚMERO DE LA CLASIFICACIÓN DECIMAL UNIVERSAL
Número de la Clasificación Decimal Universal 323.3-058.14
100 1# - ENTRADA PRINCIPAL--NOMBRE DE PERSONA
Nombre de persona Jünger, Ernst,
Fechas asociadas al nombre 1895-1998
9 (RLIN) 67294
245 13 - MENCIÓN DEL TÍTULO
Título El trabajador
Resto del título : dominio y figura /
Mención de responsabilidad, etc. Ernst Jünger ; traducción de Andrés Sánchez Pascual.
250 ## - MENCION DE EDICION
Mención de edición 1ª ed.
260 ## - PUBLICACIÓN, DISTRIBUCIÓN, ETC.
Lugar de publicación, distribución, etc. Barcelona :
Nombre del editor, distribuidor, etc. Tusquets,
Fecha de publicación, distribución, etc. 1990.
300 ## - DESCRIPCIÓN FÍSICA
Extensión 349 p. ;
Dimensiones 21 cm.
490 1# - MENCIÓN DE SERIE
Mención de serie Ensayo ;
Designación de volumen o secuencia 11
650 #7 - PUNTO DE ACCESO ADICIONAL DE MATERIA--TÉRMINO DE MATERIA
Término de materia o nombre geográfico como elemento de entrada Clase trabajadora
Fuente del encabezamiento o término embne
9 (RLIN) 151811
700 0# - ENTRADA AGREGADA--NOMBRE PERSONAL
Nombre de persona Sánchez Pascual, Andrés.
9 (RLIN) 102833
830 0# - PUNTO DE ACCESO ADICIONAL DE SERIE-TÍTULO UNIFORME
Título uniforme Ensayo ;
Designación de volumen o secuencia 11
9 (RLIN) 177699
852 ## - LOCALIZACIÓN
Ubicación ES-MaACL
Número de control de estantería L-30065
Nota libre .- Donat. Miguel A. Velasco
Holdings
Estatus retirado Estado de pérdida Estado de daño No para préstamo Biblioteca de origen Biblioteca actual Ubicación en estantería Fecha de adquisición Fuente de adquisición Total de préstamos Signatura topográfica completa Código de barras Visto por última vez Precio de reemplazo Tipo de ítem Koha
        Biblioteca del Ateneo de Madrid Biblioteca del Ateneo de Madrid Depósito 2 30/01/2014     L-30065 1192566 23/02/2023 23/02/2023 Libro impreso